[Event "North American-ch U20"]
[Site "Kitchener CAN"]
[Date "2014.07.31"]
[Round "1.7"]
[White "Song, Edward"]
[Black "Chen, Richard"]
[Result "1/2-1/2"]
[WhiteElo "2258"]
[BlackElo "1881"]
[PlyCount "91"]
[EventDate "2014.07.31"]
[EventType "swiss"]
[EventRounds "9"]
[EventCountry "CAN"]

1. d4 Nf6 2. c4 c5 3. Nf3 g6 4. Nc3 Bg7 5. e4 d6 6. Be2 O-O 7. Be3 Nbd7 8. O-O
a6 9. d5 Rb8 10. Qc2 Ne8 11. Ne1 Nc7 12. a4 a5 13. f4 f5 14. exf5 gxf5 15. Nf3
Nf6 16. Rad1 Na6 17. Kh1 Kh8 18. Rfe1 Nb4 19. Qb1 Bd7 20. Bf1 Qe8 21. Ng5 h6
22. Ne6 Bxe6 23. dxe6 Ng4 24. Bg1 Qh5 25. h3 Rg8 26. Be2 Rbf8 27. Rf1 Qh4 28.
Bf3 Bd4 29. Rxd4 cxd4 30. Bxd4+ Kh7 31. Bxb7 h5 32. Ne2 Nh6 33. Qd1 Rg6 34. Ng1
Qg3 35. Qe2 Qd3 36. Qxd3 Nxd3 37. Bd5 Rb8 38. Bc3 Ng8 39. Ne2 Nf6 40. Nd4 Nxd5
41. cxd5 Rbg8 42. Nxf5 Rxg2 43. Nxe7 R8g3 44. Nf5 Rg8 45. Ne7 R8g3 46. Nf5
1/2-1/2

[Event "North American-ch U20"]
[Site "Kitchener CAN"]
[Date "2014.07.31"]
[Round "1.8"]
[White "Nasir, Pi"]
[Black "Tang, Andrew"]
[Result "0-1"]
[WhiteElo "1854"]
[BlackElo "2258"]
[PlyCount "106"]
[EventDate "2014.07.31"]
[EventType "swiss"]
[EventRounds "9"]
[EventCountry "CAN"]

1. Nf3 d5 2. g3 Nf6 3. Bg2 e6 4. O-O Be7 5. b3 O-O 6. Bb2 c5 7. e3 Nc6 8. d3 b6
9. Nbd2 Bb7 10. Re1 Qc7 11. e4 Rfd8 12. exd5 Nxd5 13. Nc4 Bf6 14. Bxf6 Nxf6 15.
Qe2 h6 16. Nce5 Nd4 17. Nxd4 cxd4 18. Bxb7 Qxb7 19. a4 Rac8 20. Ra2 a6 21. Qf3
Rd5 22. Nc4 Qc7 23. a5 b5 24. Nb6 Rf5 25. Qg2 Rd8 26. Re2 Ng4 27. h3 Ne5 28. f4
Nc6 29. Ra1 Nxa5 30. Rxa5 Qxb6 31. Ra1 a5 32. Re4 Qc7 33. Qf2 Rc5 34. Ra2 Rcd5
35. Qd2 Ra8 36. Kh2 Qc6 37. Re2 a4 38. bxa4 bxa4 39. Qb4 Qb5 40. Qxb5 Rxb5 41.
Re1 a3 42. Kg2 Rc8 43. Kf3 Rb2 44. Rxa3 Rcxc2 45. Ra4 Rf2+ 46. Kg4 g6 47. Rxd4
Kg7 48. Rc1 e5 49. fxe5 h5+ 50. Kh4 Kh6 51. Rd6 f6 52. Rxf6 Rxf6 53. exf6 g5#
0-1

[Event "North American-ch U20"]
[Site "Kitchener CAN"]
[Date "2014.07.31"]
[Round "1.9"]
[White "Song, Michael"]
[Black "Cai, Jason"]
[Result "1-0"]
[WhiteElo "2252"]
[BlackElo "1850"]
[PlyCount "101"]
[EventDate "2014.07.31"]
[EventType "swiss"]
[EventRounds "9"]
[EventCountry "CAN"]

1. d4 Nf6 2. c4 c5 3. d5 b5 4. cxb5 a6 5. bxa6 g6 6. Nc3 Bxa6 7. g3 Bg7 8. Bg2
d6 9. Nf3 Nbd7 10. Rb1 O-O 11. O-O Qa5 12. Bd2 Bb7 13. Qc2 Qa7 14. Nh4 Rfb8 15.
b3 Rc8 16. a4 Nb6 17. e4 Ba6 18. Rfd1 Rab8 19. h3 Nbd7 20. Bf1 Bxf1 21. Rxf1
Ne8 22. Kh1 Nc7 23. f4 Qa6 24. Ng2 Rf8 25. Ne3 e6 26. Nc4 Bxc3 27. Bxc3 exd5
28. exd5 Nxd5 29. Ba1 N7f6 30. f5 Rbe8 31. Rbe1 Qc6 32. Kh2 Rxe1 33. Rxe1 Re8
34. Rxe8+ Nxe8 35. fxg6 hxg6 36. Qe4 Ng7 37. Kg1 Nf5 38. g4 Ng7 39. Kf2 Ne6 40.
h4 Nb4 41. Qxc6 Nxc6 42. Nxd6 Na5 43. Bc3 Nxb3 44. Ke3 Nbd4 45. Ke4 Kf8 46. Kd5
Ke7 47. Nb7 Kd7 48. Nxc5+ Nxc5 49. Kxc5 Nc6 50. Bf6 Kc7 51. h5 1-0

[Event "North American-ch U20"]
[Site "Kitchener CAN"]
[Date "2014.07.31"]
[Round "1.10"]
[White "Liang, Hairan"]
[Black "Bora, Safal"]
[Result "0-1"]
[WhiteElo "1808"]
[BlackElo "2244"]
[PlyCount "48"]
[EventDate "2014.07.31"]
[EventType "swiss"]
[EventRounds "9"]
[EventCountry "CAN"]

1. e4 e6 2. d4 d5 3. Nc3 Nf6 4. Bg5 dxe4 5. Nxe4 Be7 6. Bxf6 gxf6 7. g3 f5 8.
Nc3 Bf6 9. Nge2 Nc6 10. d5 exd5 11. Qxd5 Be6 12. Qb5 Bxc3+ 13. Nxc3 O-O 14. Bg2
Nd4 15. Qd3 Bc4 16. Qd2 Qe7+ 17. Kd1 Rad8 18. Re1 Ne6 19. Bd5 Bxd5 20. Nxd5
Rxd5 21. Qxd5 Rd8 22. Qxd8+ Qxd8+ 23. Kc1 Qd4 24. Re3 Qc4 0-1

[Event "North American-ch U20"]
[Site "Kitchener CAN"]
[Date "2014.07.31"]
[Round "1.11"]
[White "Sohal, Tanraj"]
[Black "Ming, Wenyang"]
[Result "1/2-1/2"]
[WhiteElo "2186"]
[BlackElo "1782"]
[PlyCount "72"]
[EventDate "2014.07.31"]
[EventType "swiss"]
[EventRounds "9"]
[EventCountry "CAN"]

1. d4 Nf6 2. c4 c5 3. d5 b5 4. cxb5 a6 5. bxa6 g6 6. Nc3 Bxa6 7. e4 Bxf1 8.
Kxf1 d6 9. Nf3 Bg7 10. g3 Nbd7 11. Kg2 O-O 12. Re1 Qa5 13. a4 Rfb8 14. Qc2 Ng4
15. Bd2 Qb4 16. Reb1 Qb3 17. Qc1 Nde5 18. Ra3 Qb4 19. Ne1 Qd4 20. Be3 Nxe3+ 21.
fxe3 Qb4 22. Nc2 Qc4 23. Ne1 Nd3 24. Nxd3 Qxd3 25. Kf3 Rb4 26. Qd1 Qxd1+ 27.
Nxd1 Raxa4 28. Nc3 Bxc3 29. Rxa4 Rxa4 30. bxc3 f5 31. exf5 gxf5 32. Rb8+ Kg7
33. Re8 Kf6 34. Rf8+ Kg6 35. Re8 Kf7 36. Rh8 Kg7 1/2-1/2

[Event "North American-ch U20"]
[Site "Kitchener CAN"]
[Date "2014.07.31"]
[Round "1.12"]
[White "Zotkin, Daniel"]
[Black "Cao, Jason"]
[Result "0-1"]
[WhiteElo "1778"]
[BlackElo "2177"]
[PlyCount "76"]
[EventDate "2014.07.31"]
[EventType "swiss"]
[EventRounds "9"]
[EventCountry "CAN"]

1. e4 c5 2. Nf3 d6 3. Bb5+ Nd7 4. O-O a6 5. Bxd7+ Bxd7 6. Re1 Nf6 7. c3 Bc6 8.
d3 e6 9. Nbd2 Be7 10. b3 O-O 11. Bb2 b5 12. c4 Nd7 13. d4 bxc4 14. Nxc4 cxd4
15. Nxd4 Bb7 16. f4 Nc5 17. Qg4 g6 18. f5 Nd3 19. fxg6 hxg6 20. Nxe6 Qc8 21.
Bg7 Qxe6 22. Qxe6 fxe6 23. Bxf8 Rxf8 24. Re3 Ne5 25. Nxe5 dxe5 26. Rf3 Bc5+ 27.
Kh1 Bxe4 28. Rxf8+ Kxf8 29. Re1 Bd5 30. Rxe5 Kf7 31. Re1 Bd4 32. h3 e5 33. Kh2
Ke6 34. g4 e4 35. h4 Bf2 36. Re2 e3 37. h5 gxh5 38. gxh5 Bf3 0-1

[Event "North American-ch U20"]
[Site "Kitchener CAN"]
[Date "2014.07.31"]
[Round "1.15"]
[White "Pamatmat, Jarod"]
[Black "Peng, Janet"]
[Result "1-0"]
[WhiteElo "2120"]
[BlackElo "1655"]
[PlyCount "77"]
[EventDate "2014.07.31"]
[EventType "swiss"]
[EventRounds "9"]
[EventCountry "CAN"]

1. d4 e6 2. Nf3 Nf6 3. e3 b6 4. Bd3 Bb7 5. Nbd2 Be7 6. O-O O-O 7. e4 d5 8. e5
Nfd7 9. Qe2 c5 10. c3 Nc6 11. a3 Re8 12. Re1 Nf8 13. b4 Ng6 14. g3 a6 15. Bb2
Qc7 16. h4 Nf8 17. Nh2 f6 18. f4 cxd4 19. cxd4 b5 20. Kg2 Qb6 21. Nb3 Nd7 22.
Rf1 Rac8 23. Rac1 a5 24. bxa5 Nxa5 25. Nxa5 Qxa5 26. Bxb5 Rcd8 27. a4 fxe5 28.
fxe5 Rf8 29. Bc3 Bb4 30. Bxb4 Qxb4 31. Rc7 Bc8 32. Rxc8 Rxc8 33. Bxd7 Rxf1 34.
Bxc8 Rf8 35. Bxe6+ Kh8 36. Nf3 Qxa4 37. Bxd5 Qd7 38. Bc4 Re8 39. Bb5 1-0

[Event "North American-ch U20"]
[Site "Kitchener CAN"]
[Date "2014.07.31"]
[Round "1.16"]
[White "Surya, Benito"]
[Black "Fu, James"]
[Result "0-1"]
[WhiteElo "1586"]
[BlackElo "2098"]
[PlyCount "84"]
[EventDate "2014.07.31"]
[EventType "swiss"]
[EventRounds "9"]
[EventCountry "CAN"]

1. e4 Nc6 2. Nf3 e5 3. Bb5 a6 4. Bxc6 dxc6 5. Nc3 f6 6. d4 exd4 7. Qxd4 Bg4 8.
Qxd8+ Rxd8 9. Ke2 Bb4 10. Nd1 Ne7 11. Ne3 Bh5 12. c3 Bc5 13. Nf1 O-O 14. Be3
Bd6 15. h3 Rfe8 16. g4 Bf7 17. N1d2 Ng6 18. Nd4 Nf4+ 19. Kf3 Nd3 20. Rhb1 g6
21. N4b3 b6 22. Nc1 Ne5+ 23. Ke2 Nc4 24. Nxc4 Bxc4+ 25. Kf3 g5 26. b3 Bf1 27.
Rb2 Ba3 28. Rc2 Rd1 29. b4 Bc4 30. Rb1 Kf7 31. Rd2 Rg1 32. Ra1 Bf1 33. Nb3 Rh1
34. Rxf1 Rxf1 35. Rc2 Rb1 36. Bc1 Bxc1 37. Nxc1 Rd8 38. Ke2 a5 39. a3 Ra1 40.
bxa5 bxa5 41. Nd3 Rxa3 42. e5 Ra1 0-1

[Event "North American-ch U20"]
[Site "Kitchener CAN"]
[Date "2014.07.31"]
[Round "1.17"]
[White "Itkin, David"]
[Black "Tan, Kylie"]
[Result "1-0"]
[WhiteElo "2096"]
[BlackElo "1284"]
[PlyCount "63"]
[EventDate "2014.07.31"]
[EventType "swiss"]
[EventRounds "9"]
[EventCountry "CAN"]

1. e4 e5 2. Nf3 Nc6 3. Nc3 Nf6 4. Be2 Bb4 5. Nd5 Ba5 6. Nxf6+ Qxf6 7. O-O Bb6
8. c3 O-O 9. b4 d6 10. b5 Ne7 11. d4 h6 12. Be3 Bg4 13. h3 Bh5 14. Nh2 Bxe2 15.
Qxe2 Ng6 16. Ng4 Qe7 17. Qf3 Qd8 18. Rad1 exd4 19. cxd4 a6 20. bxa6 Rxa6 21.
Rd2 Kh8 22. e5 d5 23. Qf5 Qc8 24. Qh5 Ba5 25. Rd3 Qd8 26. g3 Qe7 27. h4 Qd7 28.
Bxh6 gxh6 29. Qxh6+ Kg8 30. Nf6+ Rxf6 31. exf6 Qf5 32. Qg7# 1-0

[Event "North American-ch U20"]
[Site "Kitchener CAN"]
[Date "2014.07.31"]
[Round "1.23"]
[White "Zhu, Harmony"]
[Black "Song, Terry"]
[Result "0-1"]
[WhiteElo "1586"]
[BlackElo "1931"]
[PlyCount "64"]
[EventDate "2014.07.31"]
[EventType "swiss"]
[EventRounds "9"]
[EventCountry "CAN"]

1. d4 Nf6 2. c4 c5 3. d5 b5 4. cxb5 a6 5. b6 d6 6. Nc3 Nbd7 7. e4 g6 8. Nf3 Bg7
9. Bf4 Rb8 10. Nd2 Qxb6 11. Nc4 Qa7 12. a4 O-O 13. a5 Ne8 14. Be2 Rxb2 15. Nxb2
Bxc3+ 16. Bd2 Bxb2 17. Rb1 Bd4 18. Bh6 Ng7 19. O-O f5 20. Bd3 Ne5 21. Qc2 Nxd3
22. Qxd3 fxe4 23. Qe2 Bd7 24. Bxg7 Kxg7 25. Qd2 Bb5 26. Rxb5 axb5 27. Qe2 c4
28. h3 e3 29. f3 Qxa5 30. Kh1 Qd2 31. Qxd2 exd2 32. Rd1 c3 0-1

[Event "North American-ch U20"]
[Site "Kitchener CAN"]
[Date "2014.07.31"]
[Round "1.24"]
[White "Nguyen, Tan"]
[Black "Nguyen, Trung"]
[Result "1-0"]
[WhiteElo "1872"]
[BlackElo "1937"]
[PlyCount "95"]
[EventDate "2014.07.31"]
[EventType "swiss"]
[EventRounds "9"]
[EventCountry "CAN"]

1. d4 Nf6 2. c4 g6 3. Nc3 Bg7 4. Nf3 h6 5. e4 d6 6. Be2 O-O 7. O-O Nc6 8. d5
Nb8 9. e5 dxe5 10. Nxe5 Nfd7 11. f4 Nxe5 12. fxe5 Nd7 13. e6 fxe6 14. dxe6 Ne5
15. Qxd8 Rxd8 16. Nd5 Bxe6 17. Nxc7 Bxc4 18. Bxc4+ Nxc4 19. Nxa8 Rxa8 20. Rb1
Rc8 21. b3 Ne5 22. Bb2 Nc6 23. Bxg7 Kxg7 24. Rbd1 Rc7 25. Rc1 Rd7 26. Rcd1 Rc7
27. a3 a5 28. Rd5 e6 29. Rd6 Re7 30. h3 Na7 31. g4 Nb5 32. Rd3 Nc7 33. h4 Nd5
34. g5 hxg5 35. hxg5 Rc7 36. Kg2 Rc2+ 37. Kg3 Rc7 38. Kg2 Rc2+ 39. Rf2 Nf4+ 40.
Kg3 Nh5+ 41. Kf3 Rc7 42. Ke4 Kh7 43. Ke5 Ng7 44. Rh2+ Kg8 45. Kf6 Nh5+ 46. Rxh5
gxh5 47. Rd8+ Kh7 48. g6+ 1-0

[Event "North American-ch U20"]
[Site "Kitchener CAN"]
[Date "2014.07.31"]
[Round "2.1"]
[White "Fu, James"]
[Black "Chandra, Akshat"]
[Result "0-1"]
[WhiteElo "2098"]
[BlackElo "2442"]
[PlyCount "110"]
[EventDate "2014.07.31"]
[EventType "swiss"]
[EventRounds "9"]
[EventCountry "CAN"]

1. d4 Nf6 2. Nf3 d5 3. g3 Bf5 4. Bg2 h6 5. b3 e6 6. Bb2 Be7 7. Nbd2 O-O 8. O-O
c6 9. Re1 a5 10. a3 c5 11. c4 Nc6 12. cxd5 exd5 13. e3 Ne4 14. Nxe4 dxe4 15.
Nd2 cxd4 16. exd4 Nxd4 17. Nxe4 Ne6 18. Qh5 Bg6 19. Qb5 Ra6 20. Rad1 Qb6 21.
Bf1 Qxb5 22. Bxb5 Rb6 23. a4 Rc8 24. Nc3 Rd6 25. Nd5 Bf8 26. Be5 Rdd8 27. Bc4
Ng5 28. Bc7 Nf3+ 29. Kf1 Rxd5 30. Bxd5 Nxe1 31. Bxa5 Nd3 32. Bxb7 Rc2 33. Rd2
Rc1+ 34. Kg2 Bc5 35. Re2 Rb1 36. Bd5 Kh7 37. Bc7 h5 38. a5 Ne1+ 39. Kh3 Bf5+
40. Kh4 f6 41. Kxh5 Rd1 42. Bc6 g6+ 43. Kh4 Kh6 44. g4 Bd3 45. Ra2 Ra1 46. b4
Rxa2 47. bxc5 g5+ 48. Kg3 Ra3 49. f3 Nxf3 50. Bb7 Nd2 51. c6 Be4+ 52. Kf2 Bxc6
53. Bc8 Ne4+ 54. Ke2 Bb5+ 55. Kd1 Bd3 0-1

[Event "North American-ch U20"]
[Site "Kitchener CAN"]
[Date "2014.07.31"]
[Round "2.4"]
[White "Sapozhnikov, Roman"]
[Black "Itkin, David"]
[Result "1-0"]
[WhiteElo "2299"]
[BlackElo "2096"]
[PlyCount "153"]
[EventDate "2014.07.31"]
[EventType "swiss"]
[EventRounds "9"]
[EventCountry "CAN"]

1. d4 Nf6 2. c4 g6 3. Nc3 Bg7 4. Nf3 O-O 5. Bg5 d6 6. e3 c5 7. d5 Bg4 8. Be2
Nbd7 9. O-O a6 10. a4 Re8 11. h3 Bxf3 12. Bxf3 Qb6 13. Qc2 Ne5 14. Be2 e6 15.
e4 exd5 16. exd5 h6 17. Bd2 Re7 18. f4 Ned7 19. Bd3 Rae8 20. Rf3 Qd8 21. Raf1
Qb8 22. Qc1 Kh8 23. Kh1 b6 24. Be1 Nf8 25. Bh4 N8h7 26. Qd2 Kg8 27. g4 Qc8 28.
Rg1 Kh8 29. f5 g5 30. Bg3 Qd8 31. Qh2 Re3 32. Qf2 Qe7 33. Rxe3 Qxe3 34. Qxe3
Rxe3 35. Bf1 Ne8 36. Bf2 Rf3 37. Kg2 Rxf2+ 38. Kxf2 Bd4+ 39. Kg2 Bxg1 40. Kxg1
Kg7 41. Kf2 Kf6 42. Ke3 h5 43. gxh5 Ng7 44. Ne4+ Ke5 45. Ng3 Nf6 46. h6 Nge8
47. Be2 Nh7 48. Bh5 Kf6 49. Ne4+ Kxf5 50. Bxf7 Nef6 51. Nxd6+ Ke5 52. Nc8 g4
53. Be6 gxh3 54. Bxh3 Ng5 55. Bg2 Ng4+ 56. Kd3 Nxh6 57. Nxb6 Nf5 58. Nd7+ Kd6
59. Nb8 Nf7 60. Nc6 Kc7 61. a5 N5d6 62. Kc3 Nb7 63. b4 Nfd6 64. Ne5 Nf5 65. Bh3
Ne7 66. bxc5 Nxc5 67. Kb4 Nb7 68. Bg2 Nf5 69. c5 Nd8 70. Bf1 Ne3 71. d6+ Kb7
72. Bc4 Nc2+ 73. Kc3 Ne3 74. Bd3 Ne6 75. c6+ Kc8 76. Bxa6+ Kb8 77. Bc4 1-0

[Event "North American-ch U20"]
[Site "Kitchener CAN"]
[Date "2014.07.31"]
[Round "2.5"]
[White "Cormier, Adam"]
[Black "Calugar, Arthur"]
[Result "0-1"]
[WhiteElo "2019"]
[BlackElo "2295"]
[PlyCount "72"]
[EventDate "2014.07.31"]
[EventType "swiss"]
[EventRounds "9"]
[EventCountry "CAN"]

1. d4 Nf6 2. c4 g6 3. Nf3 Bg7 4. g3 d5 5. cxd5 Nxd5 6. Bg2 O-O 7. O-O Nc6 8.
Nc3 Nb6 9. e3 Re8 10. Re1 a5 11. Qe2 Be6 12. Rd1 Bc4 13. Qc2 Nb4 14. Qb1 a4 15.
e4 Qc8 16. Be3 c5 17. dxc5 Nd7 18. Bh3 e6 19. Bd4 Nxc5 20. Bxg7 Kxg7 21. Ne5
Ba6 22. Qc1 Nbd3 23. Nxd3 Nxd3 24. Qc2 Rd8 25. Bf1 Nc5 26. Rac1 Bxf1 27. Kxf1
Qc6 28. Qe2 b6 29. Qc4 Rab8 30. b4 axb3 31. axb3 b5 32. Rxd8 bxc4 33. Rxb8 cxb3
34. Ne2 Qd6 35. Rb5 Nxe4 36. f3 Qd3 0-1

[Event "North American-ch U20"]
[Site "Kitchener CAN"]
[Date "2014.07.31"]
[Round "2.6"]
[White "Tang, Andrew"]
[Black "Liao, Simone"]
[Result "0-1"]
[WhiteElo "2258"]
[BlackElo "2027"]
[PlyCount "72"]
[EventDate "2014.07.31"]
[EventType "swiss"]
[EventRounds "9"]
[EventCountry "CAN"]

1. d4 d5 2. c4 c6 3. Nf3 Nf6 4. e3 Bf5 5. Nc3 a6 6. Nh4 Be4 7. f3 Bg6 8. Qb3 b5
9. cxb5 axb5 10. Bd2 e6 11. Nxg6 hxg6 12. g3 Nbd7 13. Bd3 Bd6 14. Ke2 b4 15.
Na4 Qa5 16. Bc2 Qb5+ 17. Kf2 e5 18. a3 e4 19. axb4 exf3 20. Nc3 Rxa1 21. Nxb5
Rxh1 22. Nxd6+ Ke7 23. h4 Rh2+ 24. Kxf3 Kxd6 25. Qc3 Ra8 26. e4 dxe4+ 27. Bxe4
Rf2+ 28. Ke3 Nxe4 29. Qc1 Rxd2 30. Kxe4 Re8+ 31. Kf3 Ree2 32. b3 Rf2+ 33. Ke3
Rc2 34. Qa1 Nf6 35. Qa8 Nd5+ 36. Kd3 Rc3+ 0-1

[Event "North American-ch U20"]
[Site "Kitchener CAN"]
[Date "2014.07.31"]
[Round "2.7"]
[White "Virkud, Apurva"]
[Black "Song, Michael"]
[Result "1-0"]
[WhiteElo "1954"]
[BlackElo "2252"]
[PlyCount "67"]
[EventDate "2014.07.31"]
[EventType "swiss"]
[EventRounds "9"]
[EventCountry "CAN"]

1. d4 Nf6 2. c4 g6 3. Nc3 Bg7 4. e4 d6 5. Nf3 O-O 6. Be2 e5 7. O-O Nc6 8. d5
Ne7 9. Nd2 a5 10. a3 Ne8 11. Rb1 f5 12. b4 axb4 13. axb4 Nf6 14. f3 f4 15. c5
g5 16. Nc4 Ng6 17. b5 b6 18. cxb6 cxb6 19. Na4 Rb8 20. Ba3 Ne8 21. Bb4 Rf7 22.
Rc1 Rfb7 23. Kh1 Bf8 24. Naxb6 Rxb6 25. Ba5 Bd7 26. Nxb6 Rxb6 27. Ra1 Qb8 28.
Bxb6 Qxb6 29. Ra6 Qb8 30. Qb3 Nc7 31. Ra2 Qb6 32. Qb4 Ne7 33. Qa5 Nc8 34. Rc1
1-0

[Event "North American-ch U20"]
[Site "Kitchener CAN"]
[Date "2014.07.31"]
[Round "2.8"]
[White "Bora, Safal"]
[Black "Peng, Jackie"]
[Result "1-0"]
[WhiteElo "2244"]
[BlackElo "2015"]
[PlyCount "137"]
[EventDate "2014.07.31"]
[EventType "swiss"]
[EventRounds "9"]
[EventCountry "CAN"]

1. Nf3 Nf6 2. g3 g6 3. Bg2 Bg7 4. c4 d6 5. d4 O-O 6. O-O c6 7. Nc3 Qa5 8. Bd2
Qh5 9. Qb3 e5 10. dxe5 dxe5 11. Ng5 h6 12. Nge4 Na6 13. Nxf6+ Bxf6 14. Bf3 Qh3
15. Ne4 Bg7 16. c5 Qe6 17. Qc2 Qe7 18. Rac1 Be6 19. Nd6 Rab8 20. b4 Nc7 21. a3
f5 22. e4 f4 23. gxf4 exf4 24. Bc3 g5 25. Bxg7 Qxg7 26. Nf5 Qh7 27. Nd4 g4 28.
Be2 Bd7 29. Bc4+ Kh8 30. e5 Qg7 31. e6 Bc8 32. Nf5 Qf6 33. e7 Re8 34. Nd6 Rxe7
35. Rfe1 Rxe1+ 36. Rxe1 Be6 37. Bxe6 Nxe6 38. Qf5 Qxf5 39. Nxf5 Ng5 40. Re7 f3
41. Nxh6 Rd8 42. Kf1 Rd1+ 43. Re1 Rd4 44. Nf5 Rd2 45. Ne3 Rd4 46. Rd1 Rxd1+ 47.
Nxd1 Nf7 48. Ke1 Kg7 49. Ne3 Ne5 50. Kd2 Kf6 51. Kc3 Kg5 52. Kd4 Ng6 53. Ke4
Nf4 54. a4 Nh3 55. Nd1 Kh4 56. b5 Ng1 57. bxc6 bxc6 58. Kf5 Ne2 59. Ne3 Nd4+
60. Ke5 Nb3 61. Kd6 Na5 62. Kc7 Kh3 63. Kb8 Nb3 64. Kxa7 Nxc5 65. a5 Kxh2 66.
Nxg4+ Kg2 67. Kb6 Ne4 68. a6 Nxf2 69. Ne3+ 1-0

[Event "North American-ch U20"]
[Site "Kitchener CAN"]
[Date "2014.07.31"]
[Round "2.9"]
[White "Cao, Jason"]
[Black "Zhong, Joey"]
[Result "1-0"]
[WhiteElo "2177"]
[BlackElo "1892"]
[PlyCount "87"]
[EventDate "2014.07.31"]
[EventType "swiss"]
[EventRounds "9"]
[EventCountry "CAN"]

1. e4 e6 2. d4 d5 3. Nd2 Nf6 4. e5 Nfd7 5. Bd3 c5 6. c3 Nc6 7. Ne2 cxd4 8. cxd4
f6 9. exf6 Nxf6 10. Nf3 Bd6 11. O-O Qc7 12. h3 O-O 13. Bd2 a6 14. Rc1 h6 15. g3
g5 16. Kg2 Qg7 17. Nc3 g4 18. hxg4 Nxg4 19. Qe2 Bd7 20. Bb1 Rf7 21. Ng5 hxg5
22. Qxg4 Qxd4 23. Qxd4 Nxd4 24. Bxg5 Nf3 25. Bh6 Rf6 26. Rh1 Kf7 27. Be3 Rg8
28. Rh7+ Ke8 29. Rch1 Bc6 30. Bc1 Rgf8 31. R1h6 Ne1+ 32. Kf1 Rxf2+ 33. Kxe1
Rf1+ 34. Kd2 Bxg3 35. Rxe6+ Kd8 36. Kc2 R8f2+ 37. Re2 d4 38. Bg5+ Kc8 39. Rh8+
Kc7 40. Bd8+ Kd7 41. Bb6 Be4+ 42. Kb3 Bxb1 43. Rd8+ Kc6 44. Re6+ 1-0

[Event "North American-ch U20"]
[Site "Kitchener CAN"]
[Date "2014.07.31"]
[Round "2.11"]
[White "Kats, Alena"]
[Black "Nguyen, Tan"]
[Result "1-0"]
[WhiteElo "2126"]
[BlackElo "1872"]
[PlyCount "91"]
[EventDate "2014.07.31"]
[EventType "swiss"]
[EventRounds "9"]
[EventCountry "CAN"]

1. e4 g6 2. d4 Bg7 3. Nc3 d6 4. Nf3 a6 5. a4 b6 6. Bc4 e6 7. Bg5 Ne7 8. Qd2 h6
9. Be3 Bb7 10. Ba2 Nd7 11. O-O Nf6 12. d5 e5 13. h3 Nd7 14. Nh2 f5 15. f4 fxe4
16. Nxe4 Nf5 17. fxe5 Nxe5 18. g4 Nxe3 19. Qxe3 Qe7 20. c4 O-O-O 21. Rae1 Rdf8
22. b4 Rxf1+ 23. Nxf1 Qh4 24. Nh2 h5 25. g5 Ng4 26. hxg4 Bd4 27. Qxd4 Qxe1+ 28.
Nf1 Re8 29. Ned2 Qh4 30. Qf4 hxg4 31. Bb1 Qh5 32. Be4 Rh8 33. a5 bxa5 34. c5 a4
35. cxd6 cxd6 36. Qxd6 Qh7 37. Nc4 Qc7 38. Qe6+ Kb8 39. d6 Qg7 40. Nce3 Rd8 41.
Bxb7 Qxb7 42. Qxg6 Qxb4 43. d7 Rxd7 44. Qe8+ Kc7 45. g6 Qe7 46. Nd5+ 1-0

[Event "North American-ch U20"]
[Site "Kitchener CAN"]
[Date "2014.07.31"]
[Round "2.12"]
[White "Ming, Wenyang"]
[Black "Song, Edward"]
[Result "0-1"]
[WhiteElo "1782"]
[BlackElo "2258"]
[PlyCount "68"]
[EventDate "2014.07.31"]
[EventType "swiss"]
[EventRounds "9"]
[EventCountry "CAN"]

1. e4 c5 2. Ne2 d6 3. g3 Nf6 4. Bg2 Nc6 5. c3 e5 6. d4 Qc7 7. dxc5 dxc5 8. O-O
Be7 9. Na3 Be6 10. Nc2 Rd8 11. Qe1 O-O 12. Bg5 Ng4 13. Bxe7 Nxe7 14. h3 Nf6 15.
Ne3 Rd3 16. Nd5 Nexd5 17. Nc1 Nf4 18. gxf4 Rdd8 19. fxe5 Qxe5 20. f4 Qh5 21.
Qe3 Bc4 22. Re1 Rfe8 23. b3 Bb5 24. c4 Bc6 25. e5 Qg6 26. Qf2 Ne4 27. f5 Qg5
28. h4 Qg4 29. Qe2 Qxh4 30. Nd3 Ng3 31. Qc2 Bxg2 32. Kxg2 Nxf5 33. Nxc5 Qg5+
34. Kh1 Rd2 0-1

[Event "North American-ch U20"]
[Site "Kitchener CAN"]
[Date "2014.07.31"]
[Round "2.13"]
[White "Chen, Richard"]
[Black "Sohal, Tanraj"]
[Result "0-1"]
[WhiteElo "1881"]
[BlackElo "2186"]
[PlyCount "66"]
[EventDate "2014.07.31"]
[EventType "swiss"]
[EventRounds "9"]
[EventCountry "CAN"]

1. e4 e6 2. d3 d5 3. Nd2 c5 4. Ngf3 Nc6 5. g3 Bd6 6. Bg2 Nge7 7. O-O O-O 8. Nh4
f5 9. f4 Rb8 10. Qh5 Nb4 11. Qd1 b5 12. b3 dxe4 13. dxe4 Bxf4 14. Kh1 Be5 15.
Rb1 Nxa2 16. Qh5 Nxc1 17. Ndf3 g6 18. Qh6 Bg7 19. Qxc1 fxe4 20. Ng5 Nf5 21.
Bxe4 Bh6 22. Qf4 Bb7 23. Bxb7 Bxg5 24. Qe4 Bxh4 25. gxh4 Qb6 26. Bc6 Nd4 27.
Rxf8+ Rxf8 28. Bb7 Rf2 29. Kg1 Re2 30. Qh1 c4 31. Kf1 Qd6 32. Bf3 Rxh2 33. Qg1
Qf4 0-1

[Event "North American-ch U20"]
[Site "Kitchener CAN"]
[Date "2014.07.31"]
[Round "2.14"]
[White "Kleinman, Michael"]
[Black "Guo, Thomas"]
[Result "1-0"]
[WhiteElo "2278"]
[BlackElo "1736"]
[PlyCount "81"]
[EventDate "2014.07.31"]
[EventType "swiss"]
[EventRounds "9"]
[EventCountry "CAN"]

1. e4 e5 2. Nf3 Nc6 3. Bb5 a6 4. Ba4 Nf6 5. O-O b5 6. Bb3 Be7 7. Re1 a5 8. c3
a4 9. Bc2 O-O 10. d4 exd4 11. cxd4 Bb7 12. Nc3 Bb4 13. Bg5 h6 14. Bxf6 Qxf6 15.
e5 Qd8 16. Re3 Bxc3 17. bxc3 Na5 18. Qd3 g6 19. Qxb5 Bc6 20. Qd3 d6 21. e6 Qf6
22. d5 Bb7 23. exf7+ Rxf7 24. Re6 Qf4 25. Qxg6+ Rg7 26. Re8+ Rxe8 27. Qxe8+ Qf8
28. Qxf8+ Kxf8 29. Be4 Nc4 30. Rb1 Nb6 31. Nd4 Kf7 32. Ne6 Bxd5 33. Bxd5 Nxd5
34. Nxg7 Nxc3 35. Rb7 Nxa2 36. Rxc7+ Kg6 37. Ne6 d5 38. Nf4+ Kf5 39. Nxd5 Ke5
40. Nc3 Kd6 41. Rc4 1-0

[Event "North American-ch U20"]
[Site "Kitchener CAN"]
[Date "2014.07.31"]
[Round "2.15"]
[White "Nguyen, Trung"]
[Black "Zhu, Harmony"]
[Result "1-0"]
[WhiteElo "1937"]
[BlackElo "1586"]
[PlyCount "89"]
[EventDate "2014.07.31"]
[EventType "swiss"]
[EventRounds "9"]
[EventCountry "CAN"]

1. d4 d5 2. c4 c6 3. Nf3 Nf6 4. e3 Bf5 5. cxd5 cxd5 6. Nc3 e6 7. Ne5 Nbd7 8. g4
Bg6 9. h4 h5 10. Nxg6 fxg6 11. g5 Ng8 12. Qc2 Kf7 13. Bd3 Ne7 14. Bd2 Nb6 15.
Ne2 Nf5 16. Bc3 Be7 17. Qb3 Qd7 18. a4 Rac8 19. a5 Nc4 20. Nf4 Bd6 21. Nxg6
Kxg6 22. e4 dxe4 23. Bxc4 Kf7 24. O-O-O g6 25. Rhe1 e3 26. fxe3 Nxh4 27. Rf1+
Ke7 28. Rf6 Rhg8 29. Bxe6 Qc6 30. Bxc8 Rxc8 31. Qe6+ Kd8 32. Qxd6+ Qxd6 33.
Rxd6+ Ke7 34. Rf6 Rg8 35. Bb4+ Kd7 36. Rf7+ Kc6 37. d5+ Kb5 38. Rxb7+ Ka6 39.
Rc7 Kb5 40. Ba3 Kxa5 41. Rxa7+ Kb6 42. Rd7 Nf3 43. Rd3 Nxg5 44. Rb3+ Ka6 45.
Bc5 1-0

[Event "North American-ch U20"]
[Site "Kitchener CAN"]
[Date "2014.07.31"]
[Round "2.16"]
[White "Shi, Diwen"]
[Black "Surya, Benito"]
[Result "1-0"]
[WhiteElo "1934"]
[BlackElo "1586"]
[PlyCount "49"]
[EventDate "2014.07.31"]
[EventType "swiss"]
[EventRounds "9"]
[EventCountry "CAN"]

1. e4 Nf6 2. Nc3 d5 3. exd5 Nxd5 4. Bc4 Nxc3 5. Qf3 e6 6. Qxc3 Qg5 7. Nf3 Qxg2
8. Rg1 Qh3 9. Rg3 Qf5 10. d3 Nc6 11. Bd2 Be7 12. Qxg7 Bf6 13. Qh6 Bxb2 14. Rb1
Nd4 15. Rxb2 Nxf3+ 16. Rxf3 Qe5+ 17. Be3 Qxb2 18. Qf4 Qc3+ 19. Kf1 Rf8 20. Bc5
Qa1+ 21. Ke2 Qg7 22. Qxc7 Bd7 23. Bxe6 Rd8 24. Bxd7+ Rxd7 25. Re3+ 1-0